Search Results
Showing Item 2 of 9
Krondor: Tear of the Gods
Available copies
- 1 of 1 copy available at Headquarters.
Current holds
0 current holds with 1 total copy.
| Location | Call Number / Copy Notes | Barcode | Shelving Location | Status | Due Date |
|---|---|---|---|---|---|
| Frafraha Library | 201 FIC/FEI | 000000649124 | Adult Fiction | Available | - |
Record details
- ISBN: 9780008311278
- Physical Description: paperback
- Publisher: London HarperCollins 2019
Search for related items by subject
| Subject: | Magicians |
| LDR | 00620cam a2200205Ka 4500 | ||
|---|---|---|---|
| 001 | 3356 | ||
| 003 | HQ | ||
| 005 | 20200618085937.0 | ||
| 008 | 070101s enk er 1 eng d | ||
| 020 | . | ‡a9780008311278 | |
| 037 | . | ‡aBook Aid | |
| 082 | . | ‡aFIC/FEI | |
| 100 | . | ‡aRaymond E. Feist | |
| 245 | . | ‡aKrondor: Tear of the Gods | |
| 260 | . | ‡aLondon ‡bHarperCollins ‡c2019 | |
| 300 | . | ‡apaperback | |
| 650 | . | ‡aMagicians | |
| 901 | . | ‡a3356 ‡bAUTOGEN ‡c3356 ‡tbiblio | |
Search Results
Showing Item 2 of 9

Add to basket
Permalink
Disable Highlighting